00923 a2200169 45000010006000000050017000060080041000230030015000640400040000790800088001192450027002072640036002343000019002705050331002891000023006208560110006432543020260407155538.0260407a1975 arg spa dAR-UNSa-BCEJYS aAR-UNSa-BCEJYSbspacAR-UNSa-BCEJYS a657.05xContabilidad de gestión (Contabilidad gerencial, control de gestión...)10aContabilidad gerencial 1aBuenos Aires :bEl Ateneoc1975 a104 p.c26 cm. a1. Introducción - 2. Análisis de estados contables - 3. Flujo de fondos - 4. Contabilidad de costos - 5. Control gerencial - 6. Características del costo - 7. Presupuestación - 8. Problemas de selección de alternativas - 9. Problemas de selección de alternativas - 10. Planeamiento de compras de bienes de capital.1 aAnthony, Robert N.41uhttps://biblioeco.unsa.edu.ar/pmb/images/libros/Contabilidad Gerencial.jpgyImagen de portadaqimage/jpeg